000
00370nam a22001577a 4500
003
MPLRDC
005
20220104114558.0
008
210129b ||||| |||| 00| 0 eng d
082
_a
831.98 CY
100
_a
垂仰
245
_a
金山顶上迎朝阳
_c
260
_a
_b
洪炉文化企业
_c
1978
300
_b
平
650
_a
白话诗总集
942
_c
BK
_o
831.98 CY
999
_c
8590
_d
8580